| 000 | 00760nam a2200229 a 4500 | ||
|---|---|---|---|
| 005 | 20221001063512.0 | ||
| 008 | 160818s2015 mx r 000 0 spa d | ||
| 020 | _a9786074018325 | ||
| 035 | _aUPN01000212430 | ||
| 049 | _aCG | ||
| 050 | 4 |
_aTS171 _bR4.6 |
|
| 100 | 1 |
_aReyes Fabela, Ana María _939374 |
|
| 245 | 1 | 0 |
_aProfesión y profesionalismo en el diseño industrial / _cAna María Reyes Fabela, René Pedroza Flores. |
| 260 |
_aMéxico : _bM. A. Porrúa : _bUAEM, _c2015. |
||
| 300 |
_a173 p. : _bfigs., tablas |
||
| 440 | 4 |
_aLas ciencias sociales. _pEducación |
|
| 650 | 2 |
_aDiseño industrial _914572 |
|
| 650 | 4 |
_aDISEÑADORES INDUSTRIALES _925187 |
|
| 700 | 1 |
_aPedroza Flores, René, _d1961- _ecoaut. _939410 |
|
| 905 | _aLibro | ||
| 999 |
_c184530 _d184530 |
||